| 000 | 01188nam a2200325 i 4500 | ||
|---|---|---|---|
| 003 | EG-GICUC | ||
| 005 | 20260121101732.0 | ||
| 008 | 260117s1995 ua ||||fr|||| 00| 0 ara d | ||
| 017 | _a1995/11165 | ||
| 020 | _a977-04-1572-3 | ||
| 040 |
_a EG-GICUC _bara _c EG-GICUC _d EG-GICUC _erda |
||
| 041 | 0 | _aara | |
| 082 | 0 | 4 |
_221 _a345.6231 _bع ب . ت |
| 092 | 0 | 4 | _221 |
| 099 | _aLaw1 07 345.6231 ع ب . ت 1995 | ||
| 100 | 0 |
_aعبدالعظيم عبدالسلام _eمؤلف. |
|
| 245 | 1 | 2 |
_aالتفويض في الإختصاصات الإدارية : _bدراسة مقارنة / _cتأليف عبدالعظيم عبدالسلام. |
| 264 | 1 |
_aالقاهرة : _bدار النهضة العربية، _c1995. |
|
| 300 |
_a440 ؛ صفحة _c24 سم. |
||
| 336 |
_2rda content _atext |
||
| 337 |
_2rda media _aComputer |
||
| 338 |
_2rda carrier _aOnline Resource |
||
| 504 | _a. 423-431 ببليوجرافيا: صفحات | ||
| 546 | _aالنص باللغة العربية | ||
| 650 | 1 | 4 | _aالتفويض في الاختصاص |
| 650 | 1 | 4 | _aالقانون الإداري |
| 856 | 4 | 0 | _uhttps://fll.law.cu.edu.eg/fulltext/bks/B07-02352.pdf |
| 905 | _a77 | ||
| 942 |
_2ddc _cBK _e21 _n0 |
||
| 999 |
_c57355 _d57355 |
||